| 000 | 01928nam a2200265 a 4500 | ||
|---|---|---|---|
| 999 |
_c1737 _d1737 |
||
| 003 | AR-BaISA | ||
| 005 | 20250210170052.0 | ||
| 007 | ta | ||
| 008 | 250210s1999 ag ad||f |||| 000 0 spa d | ||
| 020 | _a9509970824 | ||
| 040 |
_bspa _cAR-BaISA |
||
| 082 | 0 | 4 |
_222 _a362.830 982 Od5 |
| 245 | 0 | 0 |
_aHoy y mañana: _bsalud y calidad de vida para la niñez argentina / _cAlejandro O´donnell, Estebna Carmuega (Coordinadores) |
| 260 |
_aBuenos Aires: _bCentro de Estudios Sobre Nutrición Infantil (CESNI), _c1999 |
||
| 300 |
_a297 p.: _bil., graf. |
||
| 504 | _aBibliografía al final de cada capítulo | ||
| 505 |
_tRicardo Schwarcz / Maternidad segura en la Argentina -- _tMiguel Larguia / La situación neonatológica en la Argentina "Los problemas no Verbalizados" -- _tElsa Moreno / Morbimortalidad en la niñez -- _tMaría Luisa Ageitos / La lactancia materna -- _tAlejandro O´Donnell / Una visión de la problemática nutricional de los niños argentinos -- _tEsteban Carmuega / La calidad de dieta de los dos primeros años de vida -- _tPablo Vinocur / Exclusión y pobreza: derechos y oportunidades perdidas de los niños -- _tHoracio Lejarraga y Cecilia Pascucci / Desarrollo psicomotor del niño -- _tTeresa Torrlava e Isabel Cugnasco / Estudios epidemiológicos sobre desarrollo infantil -- _tElvira Calvo / Salud pública basada en la evidencia: ¿cuándo y cómo? -- _tSergio Britos / La asistencia alimentaria en el contexto de las políticas orientadas a la infancia |
||
| 650 | 1 | 4 |
_92525 _aSalud materno-infantil _zArgentina |
| 650 | 1 | 4 |
_92475 _aDesarrollo infantil _vmétodos epidemiológicos |
| 651 | 1 | 4 |
_93 _aArgentina _vsalud pública |
| 700 |
_93586 _aO´Donnell, Alejandro _ecoord. |
||
| 700 |
_93587 _aCarmuega, Esteban _ecoord. |
||
| 856 |
_uhttps://cesni-biblioteca.org/wp-content/uploads/2018/11/72-salud-y-calidad-de-vida.pdf _yAcceda al material electrónico en texto completo |
||
| 942 |
_2ddc _cLI _e22 |
||